| 000 | 00736cam a22002171 4500 | ||
|---|---|---|---|
| 001 | gs 18000196 | ||
| 003 | DLC | ||
| 005 | 20260227111322.0 | ||
| 008 | 780204s1918 xx 000 0 eng c | ||
| 010 | _ags 18000196 | ||
| 035 | _a(OCoLC)3603446 | ||
| 040 |
_aLibrary, U.S. Geological Survey _cOT _dDLC |
||
| 050 | 0 | 0 |
_aQE75 _b.B9 no. 650d |
| 100 | 1 |
_aGannett, Samuel S. _q(Samuel Stinson), _d1861-1939. |
|
| 245 | 0 | 0 | _aGeographic tables and formulas. |
| 250 |
_a4th ed.: _bcomp. by Samuel S. Gannett, reprinted with additions and corrections. |
||
| 260 |
_aWashington, _bGovt. print. off., _c1918. |
||
| 300 |
_a424 p. _bdiagrs. _c24 cm. |
||
| 490 | 0 | _aU.S. Geological survey. Bulletin 650 | |
| 650 | 0 |
_aMathematical geography _xTables. |
|
| 999 |
_c25846 _d25846 |
||